00879njm a2200253Ia 4500001000600000003000900006005001700015008004100032040001300073040001300086041001300099100001100112100001800123100003800141245003000179250001100209260000900220260006300229300001700292300003000309500003800339505019700377650005100574B2015IT-RoPAU20220918181117.0131025s9999 xx 000 0 und d aIT-RoPAU cIT-RoPAU aITALIANO aAA.VV. eAutore musica gCodice autore musica SPICS: 12000 aCanzoni e comunicazione 1 a1a ed. aROMA bSPICS RECORDSc1992 [1a Ed.:1992 - Ed. Lingua Orig.: 1992] aMUSICASSETTA c60 minuti (Testo: 0 pag.) aMusica leggera. Canzone italiana. aPenna a sfera - Telefonami tra 20 anni - Piange il telefono - La televisione - Giovanni il telefonista - Mezzanotte tra poco sarà - Sì la vita è tutta un quiz - Vengo dopo il tg - Cinema aCANZONE [CASSETTE]eCodice MATERIA SPICS: 9951